<?xml version="1.0" encoding="UTF-8"?>
<collection xmlns="http://www.loc.gov/MARC21/slim">
<record>
  <controlfield tag="001">2889</controlfield>
  <controlfield tag="005">20160701171712.0</controlfield>
  <datafield tag="037" ind1=" " ind2=" ">
    <subfield code="a">ASTROimport-1046</subfield>
  </datafield>
  <datafield tag="100" ind1=" " ind2=" ">
    <subfield code="a">Hubrig, S.</subfield>
  </datafield>
  <datafield tag="260" ind1=" " ind2=" ">
    <subfield code="c">2009</subfield>
  </datafield>
  <datafield tag="245" ind1=" " ind2=" ">
    <subfield code="a">The evolution of magnetic fields in early B-type stars</subfield>
  </datafield>
  <datafield tag="520" ind1=" " ind2=" ">
    <subfield code="a">To date, only a small number of O and early B-type stars have been investigated for magnetic fields, and as a result, only about a dozen magnetic early B-type stars and only few magnetic O stars are known. The lack of information on the existence, origin and role of magnetic fields in massive stars is especially disturbing because magnetic fields may have paramount influence on the stellar evolution of high-mass stars. Our study focuses on the magnetic fields in early B-type stars with a stronger emphasis on ß Cep and SPB stars. Weak longitudinal magnetic fields (up to ˜ 300 G) have been recently detected using FORS 1 in a few ß Cep and SPB stars, proving that these types of massive B-type stars can no longer be considered as non-magnetic. </subfield>
  </datafield>
  <datafield tag="700" ind1=" " ind2=" ">
    <subfield code="a"> Briquet, M.</subfield>
  </datafield>
  <datafield tag="700" ind1=" " ind2=" ">
    <subfield code="a"> Schöller, M.</subfield>
  </datafield>
  <datafield tag="700" ind1=" " ind2=" ">
    <subfield code="a"> De Cat, P.</subfield>
  </datafield>
  <datafield tag="700" ind1=" " ind2=" ">
    <subfield code="a"> Morel, T.</subfield>
  </datafield>
  <datafield tag="773" ind1=" " ind2=" ">
    <subfield code="p">Revista Mexicana de Astronomia y Astrofisica Conference Series</subfield>
    <subfield code="v">36</subfield>
    <subfield code="y">2009</subfield>
    <subfield code="c">CD319-CD322</subfield>
  </datafield>
  <datafield tag="856" ind1="4" ind2="2">
    <subfield code="a">http://esoads.eso.org/abs/2009RMxAC..36..319H</subfield>
  </datafield>
  <datafield tag="905" ind1=" " ind2=" ">
    <subfield code="a">published in</subfield>
  </datafield>
  <datafield tag="980" ind1=" " ind2=" ">
    <subfield code="a">NONREF</subfield>
  </datafield>
</record>
</collection>